| 000 | 00744nam a2200241Ia 4500 | ||
|---|---|---|---|
| 003 | OSt | ||
| 005 | 20240909153449.0 | ||
| 008 | 210331s9999||||xx |||||||||||||| ||und|| | ||
| 020 | _a9788177057102 | ||
| 040 | _cSTCPL | ||
| 041 | _aHIN | ||
| 041 | _hMAL | ||
| 082 |
_aM07 _bGIF-I |
||
| 100 |
_aMelatoor, Gifu _qഗിഫു മേലാറ്റൂർ |
||
| 245 | 0 |
_aIndian sasthravum sasthranjanmarum / _cby Gifu Melatoor _hഭാരതീയ ശാസ്ത്രവും ശാസ്ത്രഞ്ജന്മാരും |
|
| 260 |
_aThiruvananthapuram : _bPrabhath Book House , _c2019 . |
||
| 300 |
_a96 p. _bHB |
||
| 650 | _aMalayalam literature | ||
| 650 | _aStudy | ||
| 650 | _aPopular Science | ||
| 942 | _cBK | ||
| 942 | _2ddc | ||
| 999 |
_c73643 _d73643 |
||